00763nas a2200229Ia 4500001001100000003000900011008004100020040001300061040001300074041001300087100004800100210001900148222001900167245008800186250001100274260002300285501008600308300001800394362001600412500006200428650004300490R109/F3118IT-RoPAU151124c99999999xx |||||||||||| ||und|| aIT-RoPAU cIT-RoPAU aFRANCESE aCentlivres PierregCodice Aut. SPICS: 53866 aCOMMUNICATIONS aCommunications aCOMMUNICATIONS, N.65 (1997)bHospitalite', Etat Et Naturalisation: L'Exemple Suisse a1a ed. aPARISbSEUILc1997 bPaulus - SPICS - Società€ San Paolo EM (non-commercial uses only)cCopyright2015 a9 p. [99-107] aN.65 (1997) aOspitalità€, Stato e Naturalizzazione: Esempio Svizzero. aCOMUNICAZIONEvPUBBLICAZIONE PERIODICA